Państwa najbliższe Rwandy - 15 sekundowy sprint - Statystyki

Ogólne statystyki
  • Ten quiz został rozwiązany 37 razy
    35 od ostatniego zresetowania
  • Średni wynik to 5 z 20
Statystyki odpowiedzi
km Państwo % Poprawnych
0 Burundi
74%
0 Demokratyczna Republika Konga
65%
0 Tanzania
65%
1 261 Kongo
57%
0 Uganda
57%
350 Kenia
48%
808 Malawi
26%
994 Etiopia
22%
1 107 Mozambik
17%
606 Zambia
17%
1 143 Somalia
13%
1 196 Sudan
13%
946 Angola
9%
773 Republika Środkowoafrykańska
9%
1 416 Zimbabwe
9%
1 538 Czad
4%
1 489 Kamerun
4%
503 Sudan Południowy
4%
1 608 Gabon
0%
1 696 Namibia
0%
Nie znaleziono quizów pasujących do podanych kryteriów
Rozkład punktacji
Procent ludzi z każdym wynikiem
Percentyl według liczby udzielonych odpowiedzi
Twoja historia wyników
Nie rozwiązałeś tego quizu od ostatniego zresetowania